Sports Quiz

Random Sports Quiz

Can you guess the nba team description (For kot4q) Quiz Stats

 Plays Quiz not verified by Sporcle

Support Sporcle.
Go Orange.
Score 0/30 Timer 04:00
0 Plays Today
Description % Correct
Green deer.Milwaukee Bucks
96.5%
Red (KOT4Q)Chicago Bulls
93.9%
Red hawk.Atlanta Hawks
91.2%
Strenght in numbers.Golden State Warriors
89.5%
Big orange ball (NYCNew York Knicks
88.6%
Magician.Orlando Magic
88.6%
Green man.Boston Celtics
86.8%
Fire inside ring.Miami Heat
86%
9Pelican.New Orleans Pelicans
86%
Millitary city (SA).San Antonio Spurs
85.1%
Defend the land.Clevland Cavaliers
83.3%
Purple mosquito.Charlotte Hornets
79.8%
Golden ball.Los Angeles Lakers
78.9%
Orange sunPhoenix Suns
78.9%
Blue bear.Memhis Grizzlies
78.1%
Description % Correct
Light blue and white wolf.Minnesota Timberwolves
78.1%
Ball with dinosaur nails.Toronto raptors
78.1%
Motor city.Detroit Pistons
76.3%
Rip city.Portland Trail Blazers
75.4%
Purple crown on white ball. Sacramento Kings
74.6%
Horse.Dallas Mavericks
73.7%
White and blue with stars.Philadelphia 76ers
71.9%
Letter R in red ring.Houston Rockets
71.9%
Letter B in white ball.Brooklyn Nets
69.3%
Type of song.Utah Jazz
67.5%
Magic ball.Washington Wizards
65.8%
Ball with 3 letters inside it.Los Angeles Clippers
60.5%
Letter P in gold ring.Indiana Pacers
59.6%
Chicken MC ___.Denver Nuggets
57.9%
Orange and blue lines.Oklahoma City Thunder
57%

You're not logged in!

Compare scores with friends on all Sporcle quizzes.
OR
Log In

From the Vault

Disney/Pixar Villain Match

by RobPro

We've never seen a more wretched hive of clicks and villainy.

You Might Also Like...

Remove Ads.
Support Sporcle.
Get the best of Sporcle when you Go Orange. This ad-free experience offers more features, more stats, and more fun while also helping to support Sporcle. Thank you for becoming a member.

Show Comments

Extras

Created Feb 11, 2018ReportNominate
Tags:KOT4Q

Top Quizzes Today


Score Distribution

Your Account Isn't Verified!

In order to create a playlist on Sporcle, you need to verify the email address you used during registration. Go to your Sporcle Settings to finish the process.

Report this User

Report this user for behavior that violates our Community Guidelines.

Details: